Catalog

Record Details

Catalog Search



Banana Fox and the secret sour society / James ... Read More

Kochalka, James,(author,, illustrator.).
Series: Banana Fox ; 1

Available copies

  • 1 of 2 copies available at LARL/NWRL Consortium.

Current holds

0 current holds with 2 total copies.

Show Only Available Copies
Location Call Number / Copy Notes Barcode Shelving Location Status Due Date
Detroit Lakes Public Library J G KOC (Text) 33500013359666 Main Available -
Moorhead Public Library J G KOC (Text) 33500013359658 Main Checked out 05/26/2026

Record details

  • ISBN: 9781338660487
  • ISBN: 1338660489
  • ISBN: 9781338660494
  • ISBN: 1338660497
  • Physical Description: 74 pages : chiefly color illustrations ; 23 cm
  • Edition: First edition.
  • Publisher: New York, NY : Graphix, an imprint of Scholastic, [2021]

Content descriptions

Summary, etc.:
The great detective Banana Fox is called back to ... Read More
Subject: Detective and mystery comic books, strips, etc.
Secret societies > Comic books, strips, etc.
Turtles > Comic books, strips, etc.
Foxes > Comic books, strips, etc.
Detective and mystery comic books, strips, etc.
Foxes.
Secret societies.
Turtles.
Genre: Comic books, strips, etc.
Comics (Graphic works)
Detective and mystery comics.
Comics (Graphic works)
Detective and mystery comics.
LDR 02303cam a2200505 i 4500
001358621
003LARL_NWRL_CONSORTIUM
00520210309205343.0
008201209s2021 nyua c 6 000 1 eng d
010 . ‡a 2019957499
040 . ‡aGCV ‡beng ‡erda ‡cGCV ‡dORX ‡dSVP ‡dOCLCO ‡dIK2 ‡dOQX ‡dOCLCF ‡dGO3 ‡dOCLCO ‡dUAP
020 . ‡a9781338660487 ‡q(paperback)
020 . ‡a1338660489 ‡q(paperback)
020 . ‡a9781338660494 ‡q(hardcover)
020 . ‡a1338660497 ‡q(hardcover)
035 . ‡a(OCoLC)1227904149
092 . ‡aC GN ‡bBAN Koc
1001 . ‡aKochalka, James, ‡eauthor, ‡eillustrator. ‡0(LARL_NWRL_CONSORTIUM)205816
24510. ‡aBanana Fox and the secret sour society / ‡cJames Kochalka.
250 . ‡aFirst edition.
264 1. ‡aNew York, NY : ‡bGraphix, an imprint of Scholastic, ‡c[2021]
300 . ‡a74 pages : ‡bchiefly color illustrations ; ‡c23 cm
336 . ‡atext ‡btxt ‡2rdacontent
336 . ‡astill image ‡bsti ‡2rdacontent
337 . ‡aunmediated ‡bn ‡2rdamedia
338 . ‡avolume ‡bnc ‡2rdacarrier
4900 . ‡aBanana Fox ; ‡v1
520 . ‡aThe great detective Banana Fox is called back to duty to find a missing turtle. But the deeper he digs, the more he discovers, and it's worse than he thought! The Secret Sour Society is back, and they're mixing up a bunch of trouble. Can Banana Fox and his sidekick, Flashlight, put an end to the Secret Sour Society once and for all?
650 0. ‡aDetective and mystery comic books, strips, etc. ‡0(LARL_NWRL_CONSORTIUM)36238
650 0. ‡aSecret societies ‡vComic books, strips, etc.
650 0. ‡aTurtles ‡vComic books, strips, etc.
650 0. ‡aFoxes ‡vComic books, strips, etc.
650 7. ‡aDetective and mystery comic books, strips, etc. ‡2fast ‡0(LARL_NWRL_CONSORTIUM)36238
650 7. ‡aFoxes. ‡2fast ‡0(LARL_NWRL_CONSORTIUM)20681
650 7. ‡aSecret societies. ‡2fast ‡0(LARL_NWRL_CONSORTIUM)30546
650 7. ‡aTurtles. ‡2fast ‡0(LARL_NWRL_CONSORTIUM)33146
655 7. ‡aComic books, strips, etc. ‡2fast
655 7. ‡aComics (Graphic works) ‡2fast
655 7. ‡aDetective and mystery comics. ‡2fast
655 7. ‡aComics (Graphic works) ‡2lcgft
655 7. ‡aDetective and mystery comics. ‡2lcgft
905 . ‡uvanderl
901 . ‡a358621 ‡b ‡c358621 ‡tbiblio ‡soclc

Additional Resources